| 000 | 00344nam a22001217a 4500 | ||
|---|---|---|---|
| 008 | 090607t xxu||||| |||| 00| 0 eng d | ||
| 020 | _a8126129093 | ||
| 082 |
_222 _a658.4034 _bVOH |
||
| 245 |
_aApplied Operational Rsearch/ _cMunish Vohra |
||
| 260 |
_aNew Delhi: _bAnmol Publications, _c2006 |
||
| 300 |
_a431p.: _bill.; _c20 cm. |
||
| 942 |
_2ddc _cBB |
||
| 999 |
_c11757 _d11757 |
||